L'or de Virginie - Pocahontas - Paroles - Statistiques

Statistiques générales
  • Ce quiz a été pris 50 fois
    47 depuis la dernière actualisation
  • Le résultat moyen est 215 sur 270
Statistiques - réponses
Personnages Paroles % Correct
Ce
100%
ce
100%
ces
100%
Ratcliffe | Ratcliffe (parlé) C'est
100%
c'est
100%
de
100%
d'la
100%
la
100%
l'or
100%
l'or.
100%
L'or
100%
or !
100%
or,
100%
à
96%
le
96%
Le
96%
les
96%
O
96%
que
96%
cet
92%
cette
92%
Cette
92%
des
92%
et
92%
Et
92%
ma
92%
ne
92%
Ratcliffe Ne
92%
Roi
92%
seront
92%
Ratcliffe (chanté) Tout
92%
tout
92%
cœur
88%
d'une
88%
j'adore
88%
j'adore.
88%
l'argent
88%
mine,
88%
mine.
88%
Mine,
88%
mine !
88%
Mon
88%
mon
88%
pioches,
88%
pioches.
88%
pioches !
88%
qui
88%
terre
88%
terre !
88%
un
88%
une
88%
Une
88%
au
83%
dans
83%
d'or,
83%
femme.
83%
John Smith Femme.
83%
héros,
83%
me
83%
mines
83%
mines,
83%
pas
83%
pas !
83%
Pelles,
83%
Piques,
83%
piques,
83%
piques (x2)
83%
pour
83%
trésor !
83%
comme
79%
Cortez,
79%
coup
79%
déterrons
79%
feront
79%
grises
79%
montagnes !
79%
Ratcliffe (parlé) Oh,
79%
on
79%
prend
79%
vie
79%
cherché
75%
dames.
75%
demain
75%
dort
75%
fort !
75%
fort,
75%
gagne,
75%
il
75%
j'ai
75%
Je
75%
je
75%
l'on
75%
mille
75%
nous
75%
suis
75%
John Smith Toute
75%
comparés
71%
dangers
71%
farine !
71%
fièvre
71%
gentes
71%
gré
71%
paysages.
71%
plus
71%
Plus
71%
poches !
71%
pouvoir,
71%
remplissons
71%
Cocagne,
67%
domine !
67%
donne
67%
gravit
67%
m'anoblira !
67%
milles
67%
Milles
67%
moi
67%
mystères,
67%
porter
67%
rayonne !
67%
roche,
67%
s'illumine,
67%
tous
67%
visages,
67%
aux
63%
celui
63%
Creusons
63%
destine
63%
drame,
63%
en
63%
est
63%
fadaises,
63%
feu
63%
flammes
63%
gloire
63%
J'allumerai
63%
J'imagine
63%
jour
63%
l'hermine.
63%
m'honorera
63%
pépites,
63%
pépites
63%
quand
63%
Royal,
63%
verront
63%
bât
58%
braver
58%
divine,
58%
dos,
58%
gentilshommes,
58%
l'Eldorado !
58%
mal
58%
Pizzaro,
58%
vaut
58%
sauvage
54%
sceptre
54%
vrai
54%
crépites,
50%
fardeau,
50%
rutile
50%
trop
50%
décor !
46%
John Smith Merveilleux
46%
Ratcliffe (chanté) Millions
46%
m'invitent
46%
notre
46%
Portez
46%
tour.
46%
conquistadores !
42%
sabords,
38%
sublime.
38%
tes
38%
faiblissez
33%
Ratcliffe Travaillez
33%
partout
29%
gars !
25%
trouvez-moi
25%
Aucun quiz correspondant
Distribution des résultats
% des personnes avec chaque résultat
Percentile par nombre de réponses
Votre historique - résultats
Vous n’avez pas pris ce quiz depuis la dernière actualisation